| 000 | 00587nam a2200205 a 4500 | ||
|---|---|---|---|
| 003 | PILC | ||
| 005 | 20150112093438.0 | ||
| 008 | 100721s19uu xx 00 eng d | ||
| 020 | _a0415125251 | ||
| 050 |
_aHD 31 _b.R328 1996 |
||
| 082 |
_aMnSF 658.22 _bR25 1996 |
||
| 100 |
_aRees, W. David _917171 |
||
| 245 |
_aThe skills of management / _cDavid W. Rees |
||
| 250 | _a4th ed. | ||
| 260 |
_aHigh Holborn, London : _bInternational Business Press, _c1996. |
||
| 300 |
_a365 pages : _c22 cm. |
||
| 650 |
_aManagement _9446 |
||
| 650 |
_aManagement - skills _917172 |
||
| 942 |
_2lcc _cBK |
||
| 999 |
_c14661 _d14661 |
||